00426nam a2200181Ia 450000100060000000300070000600800410001302000190005404000110007308000150008410000200009924500420011926000110016126000160017226000100018830000150019865300310021311611GE_BSU181216s||||||||xx |||||||||||||| ||und|| a97807475700202 cGE_BSU a821.111-32 aHancock,Sheila. 4aThe two of us my life with John Thaw. aLondon bBloomsbury. c2004. a302p;25cm. aus my life with John Thaw.